| 000 | 00759nam a2200205Ii 4500 | ||
|---|---|---|---|
| 003 | JO-AjNU | ||
| 008 | 230605s9999||||xx |||||||||||||| ||und|| | ||
| 017 | _a78/2344 | ||
| 040 |
_aJO-AjNU _bara _erda _cJO-AjNU |
||
| 041 | _aara | ||
| 050 | 1 | 4 | _aB832 .M1812 1978 |
| 100 | 3 |
_aمارسيل، دايفد.و ؛ المنصوري، خالد مترجم, _eauthor _937980 |
|
| 245 | 0 | 0 | _aفلسفة التقدم :جيمس ديوي بيرد وفكرة التقدم الأمريكية |
| 264 | 3 | 1 | _aالقاهرة:مكتبة الانجلو المصرية ، 1978 |
| 300 | _a283ص | ||
| 336 |
_atext _btxt _2rdacontent |
||
| 337 |
_aunmediated _bn _2rdamedia |
||
| 338 |
_avolume _bnc _2rdacarrier |
||
| 650 | 4 |
_aالبراجماتية-فلسفة-التقدم _937981 |
|
| 999 |
_aA15918 _c19486 _d19486 |
||